| 000 | 00619cam a2200241ua 4500 | ||
|---|---|---|---|
| 020 |
_a81 261 0212 8 _c70.00 |
||
| 041 |
_aeng _h |
||
| 082 |
_a028.71621 _bKAC/HA |
||
| 100 | _aKachru, R P . | ||
| 245 |
_aHand book of measuring units and conversions / _cR P Kachru. _hTextual Documents |
||
| 260 |
_aNewdelhi : _bAnmol publications pvt ltd , _c1999. |
||
| 300 | _a182 ; . | ||
| 365 | _a70.00 | ||
| 504 | _a | ||
| 700 | 1 | _aJain, A K. | |
| 700 | 1 | _aSingh, G . | |
| 942 | _cBK | ||
| 999 |
_c5413 _d5413 |
||